000 00288nam a22001337a 4500
008 171021b xxu||||| |||| 00| 0 eng d
020 _a9781578514861
041 _aeng
080 _a658
100 _a54
101 _aLID
245 _aPRIMAL LEADERSHIP
_cGOLEMAN, D
942 _2udc
_cBK
999 _c35314
_d35314